| 000 -LEADER |
| fixed length control field |
01682pab a2200181 454500 |
| 008 - FIXED-LENGTH DATA ELEMENTS--GENERAL INFORMATION |
| fixed length control field |
180718b2017 xxu||||| |||| 00| 0 eng d |
| 100 ## - MAIN ENTRY--PERSONAL NAME |
| Personal name |
Christensen, Johan |
| 245 ## - TITLE STATEMENT |
| Title |
Representative bureaucracy and specialist knowledge in the European Commission |
| 260 ## - PUBLICATION, DISTRIBUTION, ETC. |
| Date of publication, distribution, etc. |
2017 |
| 300 ## - PHYSICAL DESCRIPTION |
| Extent |
p.450-467. |
| 520 ## - SUMMARY, ETC. |
| Summary, etc. |
The article addresses an issue that has received little attention in the literature on representative bureaucracy, namely the relationship between representativeness and specialized expertise in public administration. While representation may strengthen the legitimacy of public bureaucracies, what implications does it have for expert knowledge in these organizations? This issue is examined by looking at the recruitment of civil servants to the European Commission, an international bureaucracy where the question of geographical representation is of fundamental importance. Based on a quantitative analysis of nearly 200 recruitment competitions for the organization from 1958 to 2015, the article finds that competitions related to EU enlargement where nationality was an explicit criterion put significantly less emphasis on specialist qualifications and knowledge than other competitions. This indicates a negative relationship between geographical representation and specialized expertise in recruitment to the European Commission. Implications for broader debates about representative bureaucracy and international public administrations are discussed. - Reproduced. |
| 650 ## - SUBJECT ADDED ENTRY--TOPICAL TERM |
| Topical term or geographic name entry element |
European Commission |
| 650 ## - SUBJECT ADDED ENTRY--TOPICAL TERM |
| Topical term or geographic name entry element |
Civil service |
| 700 ## - ADDED ENTRY--PERSONAL NAME |
| Personal name |
Voet, Joris van der |
| 700 ## - ADDED ENTRY--PERSONAL NAME |
| Personal name |
Bekerom, Petra van den |
| 773 ## - HOST ITEM ENTRY |
| Main entry heading |
Public Administration |
| 909 ## - |
| -- |
115418 |